000 01460nam a2200361 i 4500
001 000043504
003 DO-SdBNP
005 20240503141540.0
007 ta
008 140320s2013 dr abcd r 000 0 spa d
040 _aDO-SdBNP
_bspa
_cBNPHU
_erda
082 4 _a341.42729307294
_bP127f
_222
100 1 _aPáez Piantini, William,
_d1937-
_970367
_eautor
245 1 0 _aFrontera dominico-haitiana :
_b6 zonas - 97 planos - 313 pirámides /
_cWilliam Páez Piantini ; prólogo, Gabriel Atiles Bidó ; corrección, Rafael Gonzalez Tirado
264 _aSanto Domingo :
_bUnicaribe,
_c2013.
300 _axiv, 645 páginas :
_bilustraciones, gráficos., mapas, retratos ;
_c24 cm.
336 _2rdacontent
_atexto
_btxt
337 _2rdamedia
_asin mediación
_bn
338 _2rdacarrier
_avolumen
_bnc
500 _aIncluye datos biográficos del autor en la contracubierta
504 _aBibliografía : p. 644-645.
590 _aInventariado, 2018/BT
650 4 _aHaití
_xIncidentes fronterizos
_99549
651 4 _aRepública Dominicana
_vLímites
_xHistoria
_99547
651 4 _aHaití
_vLímites
_xHistoria
_99548
651 4 _aRepública Dominicana
_xIncidentes Fronterizos
_98407
651 4 _aRepública Dominicana
_xHistoria
_9170
651 4 _aHaití
_xHistoria
_98418
700 1 _aAtiles Bidó, Gabriel,
_eprólogo
_970368
700 1 _aGonzalez Tirado, Rafael,
_ecorrección
_93030
910 _aValidado. Control de calidad. EMS
942 _2ddc
_cLBS1
999 _c42993
_d42993